Dotační politika alternativního zemědělství v České republice.
Súčasná situácia v podpore alternatívneho poľnohospodárstva v ČR. Rozbor projektov podnikov a rozdelenie dotácií medzi nimi. Štruktúra a typy podnikov. Výmera alternatívne využívanej pôdy. Právne formy alternatívne hospodáriacich podnikov podľa vlastníctva. Podmienky dotácií alternatívnej produkcie...
Guardado en:
| Autor principal: | |
|---|---|
| Otros Autores: | |
| Formato: | Capítulo de libro |
| Lenguaje: | checo |
| Materias: | |
| Etiquetas: |
Sin Etiquetas, Sea el primero en etiquetar este registro!
|
MARC
| LEADER | 00000naa a2200000 4500 | ||
|---|---|---|---|
| 001 | r010598 | ||
| 005 | 20220831091051.4 | ||
| 041 | 0 | |a cze | |
| 044 | |a [CS] | ||
| 245 | 1 | 0 | |a Dotační politika alternativního zemědělství v České republice. |c J. Jílková, L. Semrád |
| 520 | |a Súčasná situácia v podpore alternatívneho poľnohospodárstva v ČR. Rozbor projektov podnikov a rozdelenie dotácií medzi nimi. Štruktúra a typy podnikov. Výmera alternatívne využívanej pôdy. Právne formy alternatívne hospodáriacich podnikov podľa vlastníctva. Podmienky dotácií alternatívnej produkcie a ich čerpanie v r. 1991. | ||
| 610 | 2 | 0 | |a poľnohospodárstvo alternatívne |
| 610 | 2 | 0 | |a dotácie |
| 610 | 2 | 0 | |a Čechy |
| 610 | 2 | 0 | |a podnik poľnohospodársky |
| 100 | 1 | |a Jílková, Jiřina | |
| 700 | 1 | |a Semrád, L. | |